| 000 | 00540cam a22001217a 4500 | ||
|---|---|---|---|
| 008 | 180718b-- xxu||||| |||| 00| 0 eng d | ||
| 082 | _aO221x54 In2/1 | ||
| 245 |
_aPara-medicals training in India _cby Central Bureau of Health Intelligence, Ministry of Health and Family Welfare |
||
| 260 |
_aNew Delhi _bThe Manager, Government of India Press _c-- |
||
| 300 | _a-- | ||
| 500 | _aLibrary has 1986 ( v.I and v.II ),1987 ( v.1 ), 1988 ( v.I ) and 1991 | ||
| 700 | _aIndia.Ministry of Health and Family Welfare, Central Bureau of Health Intelligence | ||
| 999 |
_c494099 _d494099 |
||